[Event "Erfurt op-A 29th"]
[Site "Erfurt"]
[Date "2019.12.29"]
[Round "6"]
[White "Fahland, Maximilian"]
[Black "Wachsmann, Dietmar"]
[Result "1/2-1/2"]
[WhiteElo "1929"]
[BlackElo "2032"]
[PlyCount "65"]
[EventDate "2019.12.26"]
[EventType "swiss"]
[EventRounds "8"]
[EventCountry "GER"]
[SourceTitle "CBM 194 Extra"]
[Source "ChessBase"]
[SourceDate "2020.03.31"]
[SourceVersion "1"]
[SourceVersionDate "2020.03.31"]
[SourceQuality "1"]

1. d4 d5 2. Nf3 e6 3. g3 Nf6 4. Bg2 Be7 5. 0-0 0-0 6. c4 c5 7. cxd5 exd5 8. Nc3 Nc6 9. Bf4 Bg4 10. Be3 c4 11. Ne5 Be6 12. Nxc4 dxc4 13. d5 Nxd5 14. Nxd5 Qd7 15. Nxe7+ Qxe7 16. Qa4 Qf6 17. Qb5 Nd4 18. Bxd4 Qxd4 19. Rfd1 Qf6 20. Rac1 Rfd8 21. Bxb7 Rab8 22. Qa5 g6 23. Rxd8+ Rxd8 24. Rc2 Rd1+ 25. Kg2 Bf5 26. Rd2 Qg5 27. Rxd1 Bh3+ 28. Kxh3 Qxa5 29. Bd5 Qxa2 30. Rd2 Qa5 31. Rd4 Kg7 32. Bxc4 f5 33. b3 1/2-1/2

[Event "Berlin Lichtenrade op 13th"]
[Site "Berlin"]
[Date "2017.10.31"]
[Round "4"]
[White "Fahland, Maximilian"]
[Black "Shpati, Ted"]
[Result "0-1"]
[WhiteElo "1971"]
[BlackElo "2048"]
[PlyCount "86"]
[EventDate "2017.10.28"]
[EventType "swiss"]
[EventRounds "9"]
[EventCountry "GER"]
[SourceTitle "CBM 181 Extra"]
[Source "ChessBase"]
[SourceDate "2017.12.12"]
[SourceVersion "1"]
[SourceVersionDate "2017.12.12"]
[SourceQuality "1"]

1. d4 Nf6 2. Nf3 e6 3. g3 d5 4. Bg2 Be7 5. 0-0 0-0 6. c4 dxc4 7. Qc2 a6 8. Qxc4 b5 9. Qc2 Bb7 10. Bd2 Be4 11. Qc1 Qc8 12. Rd1 Nbd7 13. Ba5 c5 14. dxc5 Bxc5 15. e3 Qb7 16. Nbd2 Bc6 17. b4 Bb6 18. Bxb6 Nxb6 19. Qb2 Rfd8 20. Ne1 Bxg2 21. Nxg2 Rac8 22. Nb3 Nc4 23. Qe2 Nd5 24. a3 Nc3 25. Rxd8+ Rxd8 26. Qc2 Ne4 27. a4 Ng5 28. axb5 axb5 29. Rd1 Nf3+ 30. Kh1 Rxd1+ 31. Qxd1 g6 32. Nd4 Nxd4 33. Qxd4 e5 34. Qd1 Qe4 35. h4 Kg7 36. Qd7 Qb1+ 37. Kh2 Qxb4 38. f4 Qb2 39. Qd3 Nd2 40. e4 b4 41. Kh3 Qd4 42. Qb5 Nxe4 43. fxe5 Qc3 0-1

[Event "Berlin Spring op-B"]
[Site "Berlin"]
[Date "2014.05.01"]
[Round "1"]
[White "Fahland, Maximilian"]
[Black "Suliga, Eckhard"]
[Result "0-1"]
[WhiteElo "1487"]
[BlackElo "1808"]
[PlyCount "64"]
[EventDate "2014.05.01"]
[EventType "swiss"]
[EventRounds "7"]
[EventCountry "GER"]
[SourceTitle "CBM 160 Extra"]
[Source "ChessBase"]
[SourceDate "2014.07.01"]
[SourceVersion "1"]
[SourceVersionDate "2014.07.01"]
[SourceQuality "1"]

1. d4 Nf6 2. c4 e6 3. Nc3 Bb4 4. Qc2 c5 5. Nf3 cxd4 6. Nxd4 Nc6 7. Nxc6 dxc6 8. Bg5 Qa5 9. Bxf6 gxf6 10. g3 e5 11. Bg2 Be6 12. 0-0 Bxc3 13. bxc3 Bxc4 14. Rfd1 Rd8 15. Rab1 Rxd1+ 16. Qxd1 Qc7 17. Qa4 b5 18. Qa6 0-0 19. Bxc6 Bxe2 20. Bxb5 Rb8 21. Rb3 Rb6 22. Qa5 Bf3 23. c4 Rd6 24. Qe1 Rd1 25. Rb1 Rxe1+ 26. Rxe1 e4 27. Rc1 Qc5 28. Kf1 Qa3 29. Re1 a6 30. Bc6 Qxa2 31. Bd5 f5 32. Rc1 e3 0-1